000 00705nam a2200229 a 4500
999 _c5503
_d5503
001 5503
003 BD-JhCC
005 20180916102800.0
008 171217s1995 bg |||| ||a| 000 0 ben d
020 _a9840732803
035 _a(BD-JhCC) 5503
040 _aBD-JhCC
_dBD-JhCC
041 _aben
082 _a519.536
_bKES 1995
100 _aভূঞাঁ, কেশব চন্দ্র
245 _aনির্ভরণ বিশ্লেষণ /
_c কেশব চন্দ্র ভূঞাঁ
260 _aঢাকা :
_bবাংলা একাডেমী ঢাকা ,
_c1995
300 _a208 p .:
_c24 cm .
650 _aRegression analysis
942 _2ddc
_cBK